[Event "ODJM B 2025"]
[Site "Willingen GER"]
[Date "2025.06.10"]
[Round "4"]
[White "Duchstein, Anna"]
[Black "Fischermann, Simon"]
[Result "1/2-1/2"]
[Termination "normal"]
[Board "6"]
[WhiteElo "1724"]
[BlackElo "1847"]
[WhiteClock "00:44:28"]
[BlackClock "01:00:53"]
[PlyCount "42"]
[WhiteFideId "16261372"]
[BlackFideId "34620869"]
[EventCountry "GER"]
[EventRounds "9"]
[EventType "swiss"]
[EventDate "2025.06.07"]

1. Nf3 {[%clk 01:30:36]} {[%emt 00:00:23]} d5 {[%clk 01:30:46]} {[%emt
00:00:15]} 2. g3 {[%clk 01:30:51]} {[%emt 00:00:15]} g6 {[%clk 01:31:06]}
{[%emt 00:00:09]} 3. Bg2 {[%clk 01:31:11]} {[%emt 00:00:10]} Bg7 {[%clk
01:31:30]} {[%emt 00:00:06]} 4. d4 {[%clk 01:31:00]} {[%emt 00:00:42]} Nf6
{[%clk 01:31:53]} {[%emt 00:00:07]} 5. c4 {[%clk 01:31:04]} {[%emt 00:00:26]}
c6 {[%clk 01:32:14]} {[%emt 00:00:09]} 6. O-O {[%clk 01:31:07]} {[%emt
00:00:27]} O-O {[%clk 01:32:05]} {[%emt 00:00:38]} 7. Nc3 {[%clk 01:31:03]}
{[%emt 00:00:35]} Re8 {[%clk 01:29:45]} {[%emt 00:02:50]} 8. Qb3 {[%clk
01:24:02]} {[%emt 00:07:31]} dxc4 {[%clk 01:26:41]} {[%emt 00:03:34]} 9. Qxc4
{[%clk 01:23:30]} {[%emt 00:01:02]} Be6 {[%clk 01:26:51]} {[%emt 00:00:18]} 10.
Qd3 {[%clk 01:23:15]} {[%emt 00:00:47]} Qc8 {[%clk 01:10:26]} {[%emt 00:16:54]}
11. Re1 {[%clk 01:13:17]} {[%emt 00:10:28]} Bh3 {[%clk 01:10:45]} {[%emt
00:00:11]} 12. Bh1 {[%clk 01:11:30]} {[%emt 00:02:18]} h6 {[%clk 01:05:35]}
{[%emt 00:05:39]} 13. e4 {[%clk 01:05:36]} {[%emt 00:06:24]} Nbd7 {[%clk
01:05:54]} {[%emt 00:00:11]} 14. e5 {[%clk 00:57:54]} {[%emt 00:08:13]} Nd5
{[%clk 01:06:06]} {[%emt 00:00:17]} 15. Nxd5 {[%clk 00:55:11]} {[%emt
00:03:14]} cxd5 {[%clk 01:05:35]} {[%emt 00:01:01]} 16. Bf4 {[%clk 00:52:01]}
{[%emt 00:03:39]} Nb6 {[%clk 01:05:09]} {[%emt 00:00:56]} 17. Rac1 {[%clk
00:50:16]} {[%emt 00:02:15]} Qd7 {[%clk 01:05:05]} {[%emt 00:00:34]} 18. e6
{[%clk 00:45:07]} {[%emt 00:05:40]} Bxe6 {[%clk 01:05:01]} {[%emt 00:00:35]}
19. Rc7 {[%emt 00:00:46]} Bf5 {[%clk 01:04:41]} {[%emt 00:00:48]} 20. Rxd7
{[%clk 00:44:23]} {[%emt 00:00:59]} Bxd3 {[%clk 01:05:04]} {[%emt 00:00:07]}
21. Rdxe7 {[%clk 00:44:28]} {[%emt 00:00:25]} Bb5 {[%clk 01:00:53]} {[%emt
00:04:40]} 1/2-1/2

[Event "ODJM B 2025"]
[Site "Willingen GER"]
[Date "2025.06.10"]
[Round "4"]
[White "Briese, Paul"]
[Black "Sniegowski, Richard"]
[Result "1/2-1/2"]
[Termination "normal"]
[Board "7"]
[WhiteElo "1665"]
[BlackElo "1887"]
[WhiteClock "00:35:29"]
[BlackClock "00:33:47"]
[PlyCount "68"]
[WhiteFideId "16273826"]
[BlackFideId "34664181"]
[EventCountry "GER"]
[EventRounds "9"]
[EventType "swiss"]
[EventDate "2025.06.07"]

1. e4 {[%clk 01:30:58]} c6 {[%emt 00:00:09]} 2. d4 {[%clk 01:31:25]} d5 {[%clk
01:31:24]} {[%emt 00:00:02]} 3. Nc3 {[%clk 01:31:41]} {[%emt 00:00:13]} dxe4
{[%clk 01:31:49]} {[%emt 00:00:04]} 4. Nxe4 {[%clk 01:32:03]} {[%emt 00:00:08]}
Bf5 {[%clk 01:32:18]} {[%emt 00:00:02]} 5. Ng3 {[%clk 01:32:16]} {[%emt
00:00:17]} Bg6 {[%clk 01:32:46]} {[%emt 00:00:01]} 6. h4 {[%clk 01:32:24]}
{[%emt 00:00:22]} h6 {[%clk 01:33:12]} {[%emt 00:00:05]} 7. Nf3 {[%clk
01:32:45]} {[%emt 00:00:09]} Nd7 {[%clk 01:33:34]} {[%emt 00:00:07]} 8. h5
{[%clk 01:32:57]} {[%emt 00:00:18]} Bh7 {[%clk 01:34:01]} {[%emt 00:00:03]} 9.
Bd3 {[%clk 01:33:15]} {[%emt 00:00:13]} Bxd3 {[%clk 01:34:24]} {[%emt
00:00:07]} 10. Qxd3 {[%clk 01:33:42]} {[%emt 00:00:02]} e6 {[%clk 01:34:23]}
{[%emt 00:00:31]} 11. Bd2 {[%clk 01:33:37]} {[%emt 00:00:35]} Qc7 {[%clk
01:34:45]} {[%emt 00:00:09]} 12. O-O-O {[%clk 01:33:37]} {[%emt 00:00:29]}
O-O-O {[%clk 01:35:01]} {[%emt 00:00:14]} 13. Kb1 {[%clk 01:33:27]} {[%emt
00:00:40]} Ngf6 {[%clk 01:35:22]} {[%emt 00:00:09]} 14. Ne4 {[%clk 01:32:51]}
{[%emt 00:01:06]} Nxe4 {[%clk 01:35:43]} {[%emt 00:00:08]} 15. Qxe4 {[%clk
01:33:16]} {[%emt 00:00:05]} Nf6 {[%clk 01:36:10]} {[%emt 00:00:03]} 16. Qe2
{[%clk 01:32:57]} {[%emt 00:00:50]} Bd6 {[%clk 01:36:15]} {[%emt 00:00:26]} 17.
g3 {[%clk 01:30:58]} {[%emt 00:02:29]} c5 {[%clk 01:23:23]} {[%emt 00:13:21]}
18. dxc5 {[%clk 01:24:15]} {[%emt 00:07:13]} Bxc5 {[%clk 01:18:07]} {[%emt
00:05:45]} 19. Bf4 {[%emt 00:04:14]} Bd6 {[%clk 01:14:35]} {[%emt 00:04:00]}
20. Rd4 {[%clk 01:12:04]} {[%emt 00:09:00]} Kb8 {[%clk 01:08:12]} {[%emt
00:06:54]} 21. Rxd6 {[%clk 00:55:44]} {[%emt 00:16:50]} Rxd6 {[%clk 01:06:47]}
{[%emt 00:01:54]} 22. Bxd6 {[%clk 00:55:53]} {[%emt 00:00:21]} Qxd6 {[%clk
01:07:12]} {[%emt 00:00:05]} 23. Ne5 {[%clk 00:54:07]} {[%emt 00:02:17]} Qc7
{[%clk 00:56:53]} {[%emt 00:10:49]} 24. Rd1 {[%clk 00:50:23]} {[%emt 00:04:14]}
Nd5 {[%clk 00:42:57]} {[%emt 00:14:25]} 25. c4 {[%clk 00:39:50]} {[%emt
00:11:04]} Nb6 {[%clk 00:42:11]} {[%emt 00:01:15]} 26. b3 {[%clk 00:40:05]}
{[%emt 00:00:16]} f6 {[%clk 00:38:34]} {[%emt 00:04:06]} 27. Ng6 {[%clk
00:39:05]} {[%emt 00:01:31]} Re8 {[%clk 00:36:52]} {[%emt 00:02:11]} 28. Nf4
{[%clk 00:38:23]} {[%emt 00:01:11]} e5 {[%clk 00:35:54]} {[%emt 00:01:26]} 29.
Nd5 {[%clk 00:38:02]} {[%emt 00:00:53]} Nxd5 {[%clk 00:36:10]} {[%emt
00:00:14]} 30. Rxd5 {[%clk 00:38:27]} {[%emt 00:00:06]} Rd8 {[%clk 00:36:35]}
{[%emt 00:00:06]} 31. Qd3 {[%clk 00:37:40]} {[%emt 00:01:15]} Kc8 {[%clk
00:36:07]} {[%emt 00:00:59]} 32. Kc2 {[%clk 00:35:51]} {[%emt 00:02:18]} Rxd5
{[%clk 00:33:13]} {[%emt 00:03:24]} 33. Qxd5 {[%clk 00:36:12]} {[%emt
00:00:09]} Qd7 {[%clk 00:33:28]} {[%emt 00:00:16]} 34. Qc5+ {[%clk 00:35:29]}
{[%emt 00:01:14]} Kb8 {[%clk 00:33:47]} {[%emt 00:00:10]} 1/2-1/2

[Event "ODJM B 2025"]
[Site "Willingen GER"]
[Date "2025.06.10"]
[Round "4"]
[White "Kaufmann, Ben"]
[Black "Özkurt, Kaan"]
[Result "1-0"]
[Termination "normal"]
[Board "8"]
[WhiteElo "1801"]
[BlackElo "1779"]
[WhiteClock "00:10:47"]
[BlackClock "00:16:55"]
[PlyCount "97"]
[WhiteFideId "34687068"]
[BlackFideId "34655182"]
[EventCountry "GER"]
[EventRounds "9"]
[EventType "swiss"]
[EventDate "2025.06.07"]

1. e4 {[%clk 01:30:59]} e6 {[%clk 01:30:54]} {[%emt 00:00:06]} 2. d4 {[%clk
01:31:25]} {[%emt 00:00:04]} d5 {[%clk 01:31:22]} {[%emt 00:00:02]} 3. Nd2
{[%clk 01:31:49]} {[%emt 00:00:06]} c5 {[%clk 01:31:47]} {[%emt 00:00:05]} 4.
exd5 {[%clk 01:32:03]} {[%emt 00:00:15]} Qxd5 {[%clk 01:31:46]} {[%emt
00:00:31]} 5. Ngf3 {[%clk 01:32:22]} {[%emt 00:00:11]} cxd4 {[%clk 01:32:11]}
{[%emt 00:00:07]} 6. Bc4 {[%clk 01:32:28]} {[%emt 00:00:23]} Qd7 {[%clk
01:32:36]} {[%emt 00:00:05]} 7. O-O {[%clk 01:32:19]} {[%emt 00:00:38]} Nf6
{[%clk 01:32:47]} {[%emt 00:00:19]} 8. Nb3 {[%clk 01:31:53]} {[%emt 00:00:56]}
Nc6 {[%clk 01:31:54]} {[%emt 00:01:23]} 9. Qe2 {[%clk 01:30:47]} {[%emt
00:01:35]} a6 {[%clk 01:30:11]} {[%emt 00:02:15]} 10. a4 {[%clk 01:30:51]}
{[%emt 00:00:26]} Bd6 {[%clk 01:28:22]} {[%emt 00:02:19]} 11. Rd1 {[%clk
01:30:16]} {[%emt 00:01:03]} Qc7 {[%clk 01:27:34]} {[%emt 00:01:19]} 12. Nbxd4
{[%clk 01:26:57]} {[%emt 00:03:49]} Nxd4 {[%clk 01:27:54]} {[%emt 00:00:10]}
13. Rxd4 {[%clk 01:26:48]} {[%emt 00:00:39]} h6 {[%clk 01:26:52]} {[%emt
00:01:33]} 14. c3 {[%clk 01:19:41]} {[%emt 00:07:36]} Bd7 {[%clk 01:25:19]}
{[%emt 00:02:03]} 15. Be3 {[%clk 01:16:57]} {[%emt 00:03:14]} Bc6 {[%clk
01:21:02]} {[%emt 00:04:48]} 16. Ba2 {[%clk 01:00:33]} {[%emt 00:16:53]} Bxf3
{[%clk 01:20:18]} {[%emt 00:01:14]} 17. Qxf3 {[%clk 01:00:45]} {[%emt
00:00:18]} Bxh2+ {[%clk 01:19:25]} {[%emt 00:01:23]} 18. Kh1 {[%clk 01:00:55]}
{[%emt 00:00:20]} Bd6 {[%clk 01:16:51]} {[%emt 00:03:05]} 19. Rad1 {[%clk
00:58:44]} {[%emt 00:02:41]} Be7 {[%clk 01:16:54]} {[%emt 00:00:27]} 20. Rc4
{[%clk 00:46:23]} {[%emt 00:12:51]} Qe5 {[%clk 01:13:47]} {[%emt 00:03:37]} 21.
Kg1 {[%clk 00:41:26]} {[%emt 00:05:26]} O-O {[%clk 00:55:29]} {[%emt 00:18:48]}
22. Qxb7 {[%clk 00:36:01]} {[%emt 00:05:56]} Rfe8 {[%clk 00:51:52]} {[%emt
00:04:06]} 23. Qf3 {[%clk 00:34:21]} {[%emt 00:02:10]} Red8 {[%clk 00:45:17]}
{[%emt 00:07:05]} 24. Rcd4 {[%clk 00:28:53]} {[%emt 00:05:58]} Rab8 {[%clk
00:33:56]} {[%emt 00:11:52]} 25. Bf4 {[%clk 00:26:37]} {[%emt 00:02:45]} Qa5
{[%clk 00:30:57]} {[%emt 00:03:29]} 26. Bxb8 {[%clk 00:24:56]} {[%emt
00:02:11]} Rxb8 {[%clk 00:31:25]} {[%emt 00:00:02]} 27. Qe2 {[%clk 00:23:53]}
{[%emt 00:01:32]} Bf8 {[%clk 00:31:09]} {[%emt 00:00:49]} 28. Qc2 {[%clk
00:22:42]} {[%emt 00:01:36]} Qh5 {[%clk 00:30:25]} {[%emt 00:01:17]} 29. Bb1
{[%clk 00:22:05]} {[%emt 00:01:08]} g6 {[%emt 00:02:00]} 30. R1d3 {[%clk
00:21:27]} Qe5 {[%clk 00:24:59]} {[%emt 00:05:33]} 31. Re3 {[%clk 00:14:53]}
{[%emt 00:07:04]} Qg5 {[%clk 00:24:45]} {[%emt 00:00:44]} 32. Rf3 {[%clk
00:13:13]} {[%emt 00:02:10]} h5 {[%clk 00:24:37]} {[%emt 00:00:39]} 33. Rdf4
{[%clk 00:12:47]} {[%emt 00:00:56]} Bg7 {[%clk 00:24:37]} {[%emt 00:00:30]} 34.
c4 {[%emt 00:01:28]} Qe5 {[%clk 00:24:43]} 35. Qd1 {[%clk 00:09:12]} {[%emt
00:03:30]} Qxb2 {[%clk 00:24:07]} {[%emt 00:01:07]} 36. Bc2 {[%clk 00:07:54]}
{[%emt 00:01:48]} Qe5 {[%clk 00:23:23]} {[%emt 00:01:13]} 37. Rd4 {[%clk
00:06:22]} {[%emt 00:01:59]} Qc7 {[%clk 00:20:04]} {[%emt 00:03:53]} 38. g3
{[%clk 00:04:09]} {[%emt 00:02:43]} Qe7 {[%clk 00:14:18]} {[%emt 00:06:16]} 39.
Rdd3 {[%clk 00:03:56]} {[%emt 00:00:43]} h4 {[%clk 00:13:41]} {[%emt 00:01:06]}
40. gxh4 {[%clk 00:03:01]} {[%emt 00:01:25]} Nh5 {[%clk 00:14:11]} {[%emt
00:00:01]} 41. Rd7 {[%clk 00:26:45]} {[%emt 00:06:46]} Qxh4 {[%clk 00:43:57]}
{[%emt 00:00:44]} 42. Rfxf7 {[%clk 00:23:16]} {[%emt 00:03:59]} Be5 {[%clk
00:43:21]} {[%emt 00:01:06]} 43. Qf3 {[%clk 00:18:18]} {[%emt 00:05:26]} Qg5+
{[%clk 00:31:25]} {[%emt 00:12:27]} 44. Kf1 {[%clk 00:17:42]} {[%emt 00:01:06]}
Nf4 {[%clk 00:27:57]} {[%emt 00:03:58]} 45. Qe4 {[%clk 00:14:13]} {[%emt
00:03:59]} Rc8 {[%clk 00:23:08]} {[%emt 00:05:18]} 46. Qb7 {[%clk 00:10:27]}
{[%emt 00:04:17]} Rb8 {[%clk 00:16:20]} {[%emt 00:07:18]} 47. Rg7+ {[%clk
00:10:13]} {[%emt 00:00:44]} Kf8 {[%clk 00:16:48]} {[%emt 00:00:02]} 48. Rdf7+
{[%clk 00:10:34]} {[%emt 00:00:09]} Ke8 {[%clk 00:16:55]} {[%emt 00:00:24]} 49.
Rg8# {[%clk 00:10:47]} {[%emt 00:00:17]} 1-0

[Event "ODJM B 2025"]
[Site "Willingen GER"]
[Date "2025.06.10"]
[Round "4"]
[White "Yang, Markus"]
[Black "Christen, Jan"]
[Result "1/2-1/2"]
[Termination "normal"]
[Board "9"]
[WhiteElo "1706"]
[BlackElo "1809"]
[WhiteClock "00:06:54"]
[BlackClock "00:07:20"]
[PlyCount "67"]
[WhiteFideId "16206550"]
[BlackFideId "34643320"]
[EventCountry "GER"]
[EventRounds "9"]
[EventType "swiss"]
[EventDate "2025.06.07"]

1. e4 {[%clk 01:30:57]} {[%emt 00:00:02]} c6 {[%clk 01:30:43]} {[%emt
00:00:17]} 2. d4 {[%clk 01:30:56]} {[%emt 00:00:31]} d5 {[%clk 01:31:06]}
{[%emt 00:00:07]} 3. Nc3 {[%clk 01:30:55]} {[%emt 00:00:31]} dxe4 {[%clk
01:31:22]} {[%emt 00:00:15]} 4. Nxe4 {[%clk 01:31:11]} {[%emt 00:00:14]} Bf5
{[%clk 01:31:15]} {[%emt 00:00:36]} 5. Ng3 {[%clk 01:30:52]} {[%emt 00:00:49]}
Bg6 {[%clk 01:31:36]} {[%emt 00:00:08]} 6. h4 {[%clk 01:30:27]} {[%emt
00:00:55]} h6 {[%clk 01:31:57]} {[%emt 00:00:10]} 7. Nf3 {[%clk 01:30:24]}
{[%emt 00:00:34]} e6 {[%clk 01:32:09]} {[%emt 00:00:17]} 8. Bf4 {[%clk
01:28:58]} {[%emt 00:01:55]} Nf6 {[%clk 01:30:26]} {[%emt 00:02:14]} 9. Bd3
{[%clk 01:27:06]} {[%emt 00:02:22]} Bxd3 {[%clk 01:30:40]} {[%emt 00:00:16]}
10. Qxd3 {[%clk 01:27:24]} {[%emt 00:00:12]} Qa5+ {[%clk 01:29:26]} {[%emt
00:01:44]} 11. c3 {[%clk 01:26:19]} {[%emt 00:01:35]} Qa6 {[%clk 01:29:40]}
{[%emt 00:00:16]} 12. Qc2 {[%clk 01:19:48]} {[%emt 00:07:01]} c5 {[%clk
01:19:28]} {[%emt 00:10:42]} 13. a3 {[%clk 01:17:22]} {[%emt 00:02:56]} Nc6
{[%clk 01:13:35]} {[%emt 00:06:23]} 14. O-O-O {[%clk 01:15:10]} {[%emt
00:02:42]} cxd4 {[%clk 01:10:19]} {[%emt 00:03:46]} 15. Nxd4 {[%clk 01:14:44]}
{[%emt 00:00:56]} Nxd4 {[%clk 01:01:49]} {[%emt 00:08:59]} 16. Rxd4 {[%clk
01:12:36]} {[%emt 00:02:39]} Bc5 {[%clk 01:02:05]} {[%emt 00:00:14]} 17. Rd2
{[%clk 01:10:23]} {[%emt 00:02:42]} Rc8 {[%clk 00:59:07]} {[%emt 00:03:28]} 18.
Be5 {[%clk 01:06:20]} {[%emt 00:04:34]} Be7 {[%clk 00:46:24]} {[%emt 00:13:13]}
19. Ne4 {[%clk 01:01:42]} {[%emt 00:05:07]} O-O {[%clk 00:34:05]} {[%emt
00:12:50]} 20. Nxf6+ {[%clk 00:58:21]} {[%emt 00:03:51]} Bxf6 {[%clk 00:34:06]}
{[%emt 00:00:30]} 21. Bxf6 {[%clk 00:57:51]} {[%emt 00:00:59]} gxf6 {[%clk
00:34:33]} {[%emt 00:00:03]} 22. g4 {[%clk 00:57:17]} {[%emt 00:01:04]} Qc6
{[%clk 00:31:14]} {[%emt 00:03:48]} 23. Rdd1 {[%clk 00:52:32]} {[%emt
00:05:15]} Rfd8 {[%clk 00:26:44]} {[%emt 00:05:01]} 24. Rdg1 {[%clk 00:49:52]}
{[%emt 00:03:09]} Qf3 {[%clk 00:24:06]} {[%emt 00:03:09]} 25. g5 {[%clk
00:43:48]} {[%emt 00:06:34]} hxg5 {[%clk 00:22:05]} {[%emt 00:02:32]} 26. hxg5
{[%clk 00:43:31]} {[%emt 00:00:47]} f5 {[%clk 00:22:21]} {[%emt 00:00:13]} 27.
g6 {[%clk 00:40:47]} {[%emt 00:03:14]} fxg6 {[%clk 00:19:15]} {[%emt 00:03:36]}
28. Rxg6+ {[%clk 00:39:46]} {[%emt 00:01:31]} Kf7 {[%clk 00:19:27]} {[%emt
00:00:17]} 29. Rhh6 {[%clk 00:38:01]} {[%emt 00:02:15]} Rc6 {[%clk 00:16:17]}
{[%emt 00:03:41]} 30. Rf6+ {[%clk 00:25:25]} {[%emt 00:13:06]} Ke7 {[%clk
00:14:48]} {[%emt 00:02:00]} 31. Qa4 {[%clk 00:19:58]} {[%emt 00:05:57]} a5
{[%clk 00:07:27]} {[%emt 00:07:50]} 32. Rfg6 {[%clk 00:13:01]} {[%emt
00:07:27]} Kf7 {[%clk 00:07:05]} {[%emt 00:00:53]} 33. Rf6+ {[%clk 00:12:20]}
{[%emt 00:01:10]} Ke7 {[%clk 00:07:20]} {[%emt 00:00:15]} 34. Rfg6 {[%clk
00:06:54]} {[%emt 00:05:55]} 1/2-1/2

[Event "ODJM B 2025"]
[Site "Willingen GER"]
[Date "2025.06.10"]
[Round "4"]
[White "Kandora, Max"]
[Black "Moldovan, Tatiana"]
[Result "1/2-1/2"]
[Termination "normal"]
[Board "10"]
[WhiteElo "1878"]
[BlackElo "1780"]
[WhiteClock "00:03:18"]
[BlackClock "01:10:46"]
[PlyCount "86"]
[WhiteFideId "34684239"]
[BlackFideId "16287398"]
[EventCountry "GER"]
[EventRounds "9"]
[EventType "swiss"]
[EventDate "2025.06.07"]

1. e4 {[%clk 01:30:58]} {[%emt 00:00:01]} c5 {[%clk 01:30:50]} {[%emt
00:00:10]} 2. d4 {[%clk 01:31:24]} {[%emt 00:00:04]} cxd4 {[%clk 01:31:14]}
{[%emt 00:00:06]} 3. Nf3 {[%clk 01:31:53]} {[%emt 00:00:02]} a6 {[%clk
01:31:22]} {[%emt 00:00:21]} 4. Nxd4 {[%clk 01:32:15]} {[%emt 00:00:08]} Nf6
{[%clk 01:31:46]} {[%emt 00:00:06]} 5. Nc3 {[%clk 01:28:08]} {[%emt 00:04:37]}
e5 {[%clk 01:32:10]} {[%emt 00:00:06]} 6. Nf3 {[%clk 01:28:34]} {[%emt
00:00:05]} Bb4 {[%clk 01:32:34]} {[%emt 00:00:05]} 7. Bd2 {[%clk 01:21:53]}
{[%emt 00:07:12]} Nc6 {[%clk 01:31:55]} {[%emt 00:01:09]} 8. Bd3 {[%clk
01:21:35]} {[%emt 00:00:48]} O-O {[%clk 01:30:43]} {[%emt 00:01:41]} 9. O-O
{[%clk 01:20:06]} {[%emt 00:01:58]} d6 {[%clk 01:30:50]} {[%emt 00:00:24]} 10.
h3 {[%clk 01:20:28]} {[%emt 00:00:09]} h6 {[%clk 01:31:12]} {[%emt 00:00:08]}
11. a3 {[%clk 01:09:22]} {[%emt 00:11:36]} Ba5 {[%clk 01:31:19]} {[%emt
00:00:23]} 12. Re1 {[%clk 01:08:33]} {[%emt 00:01:18]} Be6 {[%clk 01:31:04]}
{[%emt 00:00:45]} 13. b4 {[%clk 01:05:41]} {[%emt 00:03:22]} Bb6 {[%clk
01:31:12]} {[%emt 00:00:22]} 14. Na4 {[%clk 01:04:01]} {[%emt 00:02:10]} Bc7
{[%clk 01:31:09]} {[%emt 00:00:32]} 15. c4 {[%clk 01:04:04]} {[%emt 00:00:28]}
Re8 {[%clk 01:27:05]} {[%emt 00:04:34]} 16. Nc3 {[%clk 01:02:05]} {[%emt
00:02:29]} Bb6 {[%clk 01:26:01]} {[%emt 00:01:34]} 17. Rc1 {[%clk 00:59:03]}
{[%emt 00:03:32]} Rc8 {[%clk 01:26:17]} {[%emt 00:00:15]} 18. Nd5 {[%clk
00:58:50]} {[%emt 00:00:42]} Ba7 {[%clk 01:26:26]} {[%emt 00:00:21]} 19. Qb3
{[%clk 00:55:46]} {[%emt 00:03:34]} Bxd5 {[%clk 01:25:02]} {[%emt 00:01:55]}
20. cxd5 {[%clk 00:55:52]} {[%emt 00:00:23]} Nd4 {[%clk 01:25:09]} {[%emt
00:00:23]} 21. Nxd4 {[%clk 00:56:09]} {[%emt 00:00:14]} Bxd4 {[%clk 01:25:33]}
{[%emt 00:00:06]} 22. a4 {[%clk 00:51:48]} {[%emt 00:04:50]} Re7 {[%clk
01:25:32]} {[%emt 00:00:31]} 23. b5 {[%clk 00:42:43]} {[%emt 00:09:36]} a5
{[%clk 01:18:22]} {[%emt 00:07:39]} 24. Rxc8 {[%clk 00:38:04]} {[%emt
00:05:09]} Qxc8 {[%clk 01:18:44]} {[%emt 00:00:09]} 25. Bxa5 {[%clk 00:38:07]}
{[%emt 00:00:26]} b6 {[%clk 01:18:34]} {[%emt 00:00:40]} 26. Bb4 {[%clk
00:37:27]} {[%emt 00:01:10]} Qb8 {[%clk 01:18:39]} {[%emt 00:00:25]} 27. Qa3
{[%clk 00:36:55]} {[%emt 00:01:03]} Bc5 {[%clk 01:18:39]} {[%emt 00:00:30]} 28.
Bxc5 {[%clk 00:37:17]} {[%emt 00:00:08]} dxc5 {[%clk 01:19:04]} {[%emt
00:00:04]} 29. f3 {[%clk 00:36:14]} {[%emt 00:01:32]} Ne8 {[%clk 01:18:47]}
{[%emt 00:00:48]} 30. Ra1 {[%clk 00:34:41]} {[%emt 00:02:03]} Nd6 {[%clk
01:17:39]} {[%emt 00:01:38]} 31. a5 {[%clk 00:23:13]} {[%emt 00:11:58]} Ra7
{[%clk 01:17:59]} {[%emt 00:00:09]} 32. Qb2 {[%clk 00:07:55]} {[%emt 00:15:49]}
f6 {[%clk 01:16:47]} {[%emt 00:01:43]} 33. a6 {[%clk 00:07:52]} {[%emt
00:00:32]} Rc7 {[%clk 01:16:11]} {[%emt 00:01:06]} 34. Qa3 {[%clk 00:07:15]}
{[%emt 00:01:07]} Ra7 {[%clk 01:15:28]} {[%emt 00:01:13]} 35. Rc1 {[%clk
00:07:27]} {[%emt 00:00:19]} Rc7 {[%clk 01:14:24]} {[%emt 00:01:33]} 36. Bc4
{[%clk 00:07:53]} {[%emt 00:00:04]} Ra7 {[%clk 01:14:13]} {[%emt 00:00:41]} 37.
Qd3 {[%clk 00:06:23]} {[%emt 00:02:00]} Qe8 {[%clk 01:14:04]} {[%emt 00:00:39]}
38. Re1 {[%clk 00:05:51]} {[%emt 00:01:01]} Re7 {[%clk 01:12:36]} {[%emt
00:01:58]} 39. g3 {[%clk 00:05:46]} {[%emt 00:00:35]} Kh8 {[%clk 01:12:43]}
{[%emt 00:00:24]} 40. Kg2 {[%clk 00:06:09]} {[%emt 00:00:07]} g6 {[%clk
01:11:40]} {[%emt 00:01:33]} 41. Rb1 {[%clk 00:03:50]} {[%emt 00:02:50]} Kg7
{[%clk 01:11:43]} {[%emt 00:00:26]} 42. h4 {[%clk 00:03:45]} {[%emt 00:00:35]}
Ra7 {[%clk 01:11:23]} {[%emt 00:00:50]} 43. Qe2 {[%clk 00:03:18]} {[%emt
00:00:56]} Rc7 {[%clk 01:10:46]} {[%emt 00:01:08]} 1/2-1/2